00856nam a2200253Ia 4500003000400000005001700004006001800021007000300039008004100042024001100083037001100094040001800105041001300123100001800136110008100154245016100235260000900396300001900405650001700424700002700441700002500468700002800493700008100521OSt20220930090233.0a|||||r|||| 00| 0ta220926b |||||||| |||| 00| 0 eng d a109072 cTheses aCRLcCRLbeng 2engaeng aKaushik Nitin aUniversity of Delhi. Faculty of Medical Sciences. Department of Pharmacology 0aComparison of effect of ADD on therapy of sitagliptin versus pioglitazone in patients of type 2 diabetes mellitus inadequately controlled on metformin alone c2010 a107p.ap.ccm. aPHARMACOLOGY a Dr. Alpana Saxena Gu. a Dr. N. P. Singh Gu. a Dr. Shalini Chawla Gu. aUniversity of Delhi. Faculty of Medical Sciences. Department of Pharmacology